Largest One-Word U.S. Cities - Statistics

General Stats
  • This quiz has been taken 74 times
  • The average score is 10 of 21
Answer Stats
Population State City % Correct
1,550,542 Pennsylvania Philadelphia
94%
985,843 Florida Jacksonville
88%
560,274 New Mexico Albuquerque
85%
879,293 Indiana Indianapolis
85%
425,115 Minnesota Minneapolis
84%
202,221 Florida Tallahassee
59%
170,188 Missouri Springfield
53%
153,672 Massachusetts Springfield
53%
112,544 Illinois Springfield
53%
413,381 California Bakersfield
51%
187,030 Tennessee Chattanooga
51%
209,749 North Carolina Fayetteville
46%
101,680 Arkansas Fayetteville
46%
165,430 Tennessee Murfreesboro
31%
252,975 North Carolina Winston-Salem
28%
120,922 Missouri Independence
25%
180,716 Tennessee Clarksville
18%
145,812 Florida Gainesville
18%
190,158 Texas Brownsville
16%
114,875 Colorado Westminster
7%
138,869 California Victorville
4%
No matching quizzes found
Score Distribution
Percent of People with Each Score
Percentile by Number Answered
Your Score History
You have not taken this quiz